Aplikácia princípov udržateľnosti v činnosti MSP v SR diplomová práca

Guardado en:
Detalles Bibliográficos
Autor principal: Vörösová, Lívia
Autor Corporativo: Fakulta podnikového manažmentu EU. Katedra podnikovohospodárska
Otros Autores: Bukovová, Sylvia, 1959-
Formato: Libro
Lenguaje:eslovaco
Publicado: Bratislava 2023
Etiquetas: Agregar Etiqueta
Sin Etiquetas, Sea el primero en etiquetar este registro!

MARC

LEADER 00000nbm a2200000 4500
001 0293576
005 20240219145542.7
041 0 |a slo 
044 |a SK 
245 1 0 |a Aplikácia princípov udržateľnosti v činnosti MSP v SR  |b diplomová práca  |c Lívia Vörösová ; školiteľ: Sylvia Bukovová 
264 1 |a Bratislava  |c 2023 
300 |a 94 s. 
100 1 |a Vörösová, Lívia 
700 1 |a Bukovová, Sylvia, 1959- 
710 2 |a Fakulta podnikového manažmentu EU. Katedra podnikovohospodárska